Don Ramón de la Sagra, reformador social (Record no. 113088)

MARC details
000 -LEADER
campo de control de longitud fija 00869nam a2200205 i 4500
001 - NÚMERO DE CONTROL
campo de control 113088
003 - IDENTIFICADOR DE NÚMERO DE CONTROL
campo de control ES-MaACL
005 - FECHA Y HORA DE LA ÚLTIMA TRANSACCIÓN
campo de control 20251212063020.0
007 - CAMPO FIJO DE DESCRIPCIÓN FÍSICA--INFORMACIÓN GENERAL
campo de control de longitud fija t|
008 - DATOS DE LONGITUD FIJA--INFORMACIÓN GENERAL
campo de control de longitud fija 061121s1924 xxu r ||||1| spa d
100 1# - ENTRADA PRINCIPAL--NOMBRE DE PERSONA
Nombre de persona Núñez de Arenas, Manuel,
Fechas asociadas al nombre 1886-1951
9 (RLIN) 175837
245 10 - MENCIÓN DEL TÍTULO
Título Don Ramón de la Sagra, reformador social
Resto del título : memoria presentada para aspirar al grado de doctor en la Facultad de Filosofía y Letras (Sección de Filosofía) /
Mención de responsabilidad, etc. por Manuel Núñez de Arenas y de la Escosura.
260 ## - PUBLICACIÓN, DISTRIBUCIÓN, ETC.
Lugar de publicación, distribución, etc. New York :
Nombre del editor, distribuidor, etc. [s. n.],
Fecha de publicación, distribución, etc. 1924 (
Lugar de fabricación/manufactura Tours :
Fabricante Imp. E. Arrault et Cie.)
300 ## - DESCRIPCIÓN FÍSICA
Extensión 203 p. ;
Dimensiones 25 x 16 cm.
502 ## - NOTA DE TESIS
Nota de tesis Tesis doctoral.
600 14 - PUNTO DE ACCESO ADICIONAL DE MATERIA--NOMBRE DE PERSONA
Nombre de persona La Sagra, Ramón de,
Fechas asociadas al nombre 1798-1871
9 (RLIN) 101445
710 2# - ENTRADA AGREGADA--NOMBRE DE ENTIDAD CORPORATIVA
Nombre de entidad corporativa o nombre de jurisdicción como elemento de entrada Universidad Central (Madrid).
Unidad subordinada Facultad de Filosofía y Letras.
9 (RLIN) 7092
852 4# - LOCALIZACIÓN
Ubicación ES-MaACL
Número de control de estantería R-1904
Encuadernación Olim: E-9889.
Holdings
Estatus retirado Estado de pérdida Estado de daño No para préstamo Biblioteca de origen Biblioteca actual Ubicación en estantería Fecha de adquisición Fuente de adquisición Total de préstamos Signatura topográfica completa Código de barras Visto por última vez Precio de reemplazo Tipo de ítem Koha
        Biblioteca del Ateneo de Madrid Biblioteca del Ateneo de Madrid Depósito 17/01/2008     R-1904 1117959 23/02/2023 23/02/2023 Libro impreso